Представление документа в формате RUSMARC

ПолеНазваниеЗначение
  Тип записи a
  Библиографический уровень m
001 Контрольный номер RU/SLIB/B/208750299
005 Дата корректировки 20201206204128.8
010 Индекс ISBN __
d Цена 0-90
101 Язык документа __
a Язык текста rus
200 Заглавие и сведения об ответственности 1_
a Заглавие Будущее рождается сегодня
e Сведения, относящиеся к заглавию современная литература и советский образ жизни : ст.
b Общее обозначение материала Текст
210 Выходные данные __
a Место издания М.
c Издательство Совет. писатель
d Дата издания 1980
215 Физическое описание __
a Объем 380 с.
600 Персоналии __
a Персоналии (Фамилия) Айтматов, Ч. Т.
600 Персоналии __
a Персоналии (Фамилия) Бондарев, Ю. В.
600 Персоналии __
a Персоналии (Фамилия) Книпович, Е.
600 Персоналии __
a Персоналии (Фамилия) Кожевников, В.
600 Персоналии __
a Персоналии (Фамилия) Чаковский, А.
600 Персоналии __
a Персоналии (Фамилия) Брежнев, Л. И.
600 Персоналии __
a Персоналии (Фамилия) Кузнецов, Ф.
600 Персоналии __
a Персоналии (Фамилия) Ломидзе, Г.
600 Персоналии __
a Персоналии (Фамилия) Суровцев, Ю.
600 Персоналии __
a Персоналии (Фамилия) Бочаров, А.
600 Персоналии __
a Персоналии (Фамилия) Новиков, В. И.
606 Тематические рубрики __
a Основная рубрика Литературоведение
606 Тематические рубрики __
a Основная рубрика Литература народов России
610 Ключевые слова __
a Ключевые слова советская литература; критика; социалистическая литература; писатели; персоналии; творческая деятельность; литературная деятельность; литературная критика; литературное творчество; литературные статьи
686 Индексы других классификаций __
a Классификационный индекс 83.3(2)
801 Источник записи _0
a Страна RU
b Организация Муниципальное бюджетное учреждение культуры "Централизованная библиотечная система" г. Сургут (Центральная городская библиотека им. А. С. Пушкина)
g Правила каталогизации КиК/Лебедева
801 Источник записи _1
a Страна RU
b Организация Муниципальное бюджетное учреждение культуры "Централизованная библиотечная система" г. Сургут (Центральная городская библиотека им. А. С. Пушкина)
g Правила каталогизации КиК/Лебедева
852 Данные о местонахождении __
j Шифр хранения 83.3(2)
c Каталожный индекс 83.3(2)
i Авторский знак Б 90
p Инвентарный номер 4532
901 Тип документа __
t Тип документа m
990 Данные о заказе (DOS) __
j Количество экземпляров (DOS) 1